Подробности
| 000 -МАРКЕР |
| контрольное поле |
02067nam0a22003131 4500 |
| 001 - ИДЕНТИФИКАТОР ЗАПИСИ |
| контрольное поле |
v19\rc\1743988 |
| 005 - ИДЕНТИФИКАТОР ВЕРСИИ |
| контрольное поле |
20260407062808.0 |
| 035 ## - ДРУГИЕ СИСТЕМНЫЕ НОМЕРА |
| Идентификатор записи |
(NLR Aleph) 004889571 |
| 100 ## - ДАННЫЕ ОБЩЕЙ ОБРАБОТКИ |
| Данные общей обработки |
20061204d1904 u y0rusy50 ca |
| 101 0# - ЯЗЫК РЕСУРСА |
| Язык текста, звукозаписи и т.д. |
русский |
| 102 ## - СТРАНА ПУБЛИКАЦИИ ИЛИ ПРОИЗВОДСТВА |
| Страна публикации |
Российская Федерация |
| 105 ## - ПОЛЕ КОДИРОВАННЫХ ДАННЫХ: ТЕКСТОВЫЕ МАТЕРИАЛЫ, МОНОГРАФИЧЕСКИЕ |
| Кодированные данные о монографическом текстовом документе |
a z ||||| |
| 200 1# - ЗАГЛАВИЕ И СВЕДЕНИЯ ОБ ОТВЕТСТВЕННОСТИ |
| Основное заглавие |
Северные сказки для маленьких детей |
| Сведения, относящиеся к заглавию |
Сост. по Виктору Рюдбергу, З. Топелиусу и Гансу-Христиану Андерсену О. Корчевской |
| 210 ## - ПУБЛИКАЦИЯ, РАСПРОСТРАНЕНИЕ И ДР. |
| Место издания, распространения и т.д. |
[Москва] |
| Имя издателя, распространителя и т. д. |
т-во И.Д. Сытина |
| Дата издания, распространения и т.д. |
ценз. 1904 |
| 215 ## - ФИЗИЧЕСКАЯ ХАРАКТЕРИСТИКА |
| Специфическое обозначение материала и объем |
111 с. |
| Другие сведения о физической характеристике |
ил. |
| Размеры |
24 |
| 327 1# - ПРИМЕЧАНИЯ О СОДЕРЖАНИИ |
| Текст примечания |
Содерж.: Приключения маленького Вигга в ночь под Рождество; Звездоглазка; Две сосны; Дважды два - четыре; Солнечный луч в ноябре; Ромашка; Лизок с вершок; Ангел; Из рассказов месяца |
| 464 #0 - АНАЛИТИЧЕСКИЙ УРОВЕНЬ |
| Встроенное поле |
2001#$aПриключения маленького Вигга в ночь под Рождество$aЗвездоглазка$aДве сосны$aДважды два - четыре$aСолнечный луч в ноябре$aРомашка$aЛизок с вершок$aАнгел$aИз рассказов месяца |
| Заглавие |
Из рассказов месяца |
| 700 #1 - ИМЯ ЛИЦА - ПЕРВИЧНАЯ ОТВЕТСТВЕННОСТЬ |
| Код отношения |
Составитель |
| Графика поля |
Кириллица |
| Материалы, к которым относится поле |
rus |
| Начальный элемент ввода |
Корчевская |
| Часть имени, кроме начального элемента ввода |
О. |
| Даты |
19 в. |
| Системный номер авторитетной/нормативной записи |
106844 |
| Идентификатор авторитетной/нормативной записи |
RU\NLR\AUTH\77123919 |
| 702 #1 - ИМЯ ЛИЦА - ВТОРИЧНАЯ ОТВЕТСТВЕННОСТЬ |
| Код отношения |
Библиографический предшественник |
| Начальный элемент ввода |
Рюдберг |
| Часть имени, кроме начального элемента ввода |
В. |
| Даты |
1828-1895 |
| Расширение инициалов личного имени |
Виктор |
| Системный номер авторитетной/нормативной записи |
154297 |
| Идентификатор авторитетной/нормативной записи |
RU\NLR\AUTH\770154335 |
| 702 #1 - ИМЯ ЛИЦА - ВТОРИЧНАЯ ОТВЕТСТВЕННОСТЬ |
| Код отношения |
Библиографический предшественник |
| Графика поля |
Кириллица |
| Материалы, к которым относится поле |
rus |
| Начальный элемент ввода |
Топелиус |
| Часть имени, кроме начального элемента ввода |
З. |
| Дополнения к именам, кроме дат |
писатель, поэт |
| Даты |
1818-1898 |
| Расширение инициалов личного имени |
Захариас |
| Системный номер авторитетной/нормативной записи |
122675 |
| Идентификатор авторитетной/нормативной записи |
RU\NLR\AUTH\7712967 |
| 702 #1 - ИМЯ ЛИЦА - ВТОРИЧНАЯ ОТВЕТСТВЕННОСТЬ |
| Код отношения |
Библиографический предшественник |
| Графика поля |
Кириллица |
| Материалы, к которым относится поле |
rus |
| Начальный элемент ввода |
Андерсен |
| Часть имени, кроме начального элемента ввода |
Х. К. |
| Даты |
1805-1875 |
| Расширение инициалов личного имени |
Ханс Кристиан |
| Системный номер авторитетной/нормативной записи |
112181 |
| Идентификатор авторитетной/нормативной записи |
RU\NLR\AUTH\772165 |
| 790 #1 - ИМЯ ЛИЦА - АЛЬТЕРНАТИВНАЯ ФОРМА |
| Графика поля |
Кириллица |
| Материалы, к которым относится поле |
rus |
| Начальный элемент ввода |
Андерсен |
| Часть имени, кроме начального элемента ввода |
Х. К. |
| Даты |
1805-1875 |
| Расширение инициалов личного имени |
Ханс Кристиан |
| Системный номер авторитетной/нормативной записи |
112181 |
| Идентификатор авторитетной/нормативной записи |
RU\NLR\AUTH\772165 |
| 801 #0 - ИСТОЧНИК ЗАПИСИ |
| Страна |
Российская Федерация |
| Организация |
NLR |
| Правила каталогизации |
psbo |
| 801 #1 - ИСТОЧНИК ЗАПИСИ |
| Страна |
Российская Федерация |
| Организация |
ProSoft-M |
| Источник данных |
rusmarc |
| 852 ## - МЕСТОНАХОЖДЕНИЕ И ШИФР ХРАНЕНИЯ |
| Идентификатор организации |
NLR |
| Шифр хранения (Call Number) |
38.61.4.24 |
| 942 ## - ДОПОЛНИТЕЛЬНЫЕ ЭЛЕМЕНТЫ ЗАПИСИ (АБИС) |
| Тип экземпляра АБИС |
Книга |
| 980 ## - КОЛЛЕКЦИЯ |
| Название коллекции |
Национальная библиография |